Responses for Show #4433 - Wednesday, December 10, 2003

Game data retrieved from an alternate archive.

Contestants

[<< previous game]

Cathryn Colby, an office administrator from Batavia, New York

Neal Racioppo, a marketing manager from Washington, D.C.

Patrick Fernan, a government manager from Madison, Wisconsin (whose 2-day cash winnings total $32,199)

[next game >>]

Jeopardy! Round responses

PLAY RIGHT
CHURCHILL SPEAKS!
A LITTLE BIT OF COUNTRY
INVERTEBRATES
U.S. TRAVEL & TOURISM
"F" TROOP
    $200 1
Rock, Paper, Scissors

Neal
    $200 6
Hitler

Patrick
    $200 9
"easy go"

Neal
    $200 26
clam

Patrick
    $200 14
California

Patrick
    $200 8
(Cathryn: Who is Fayed?)
(Patrick: Who is Fahd?)

Faisal

PatrickCathryn
Triple Stumper
    $400 2
thumb wrestling

Patrick
    $400 7
Franklin D. Roosevelt

Patrick
    $400 23
(Patrick: Who is Clint Black?)

Garth Brooks

PatrickCathryn
    $400 20
pretzels

Patrick
    $400 10
Farrah Fawcett

Neal
    $600 3
Don't Break the Ice

Cathryn
    $600 16
the R.A.F.

Patrick
    $600 22
Vince Gill

Cathryn
    $600 28
a tarantula

Cathryn
    $600 21
(Patrick: What is Cape Kennedy?)
(Neal: What is Cape Canaveral?)

the Kennedy Space Center

PatrickNeal
Triple Stumper
    $600 11
Margot Fonteyn

Patrick
    $800 4
Cat's Cradle

Patrick
    $800 15
an iron curtain

Patrick
    $800 24
Johnny Cash

Patrick
    $800 27
(Patrick: Don't have a clue.)

a sand dollar

PatrickCathryn
    $800 18
Hot Springs

Patrick
    $800 12
Foucault

Neal
    $1000 5
Swahili

Neal
    $1000 17
"This was their finest hour"

Triple Stumper
    $1000 25
the Vietnam Veterans Memorial

Neal
    $1,800 29
an earthworm

Cathryn
    $1000 19
(Patrick: What is the Chisholm Trail?)

the Santa Fe Trail

PatrickCathryn
    $1000 13
Fabian

Neal

Scores at the first commercial break (after clue 15):

Patrick Neal Cathryn
$3,200 $3,600 $400

Scores at the end of the Jeopardy! Round:

Patrick Neal Cathryn
$3,200 $4,000 $5,600

Double Jeopardy! Round responses

PLAYWRIGHT
GOTTA RUN
HISTORY HAPPENED HERE
COMMON BONDS
ART
ANIMAL VERBS
    $400 3
One Flew Over the Cuckoo's Nest

Patrick
    $400 26
Kenya

Patrick
    $400 22
Julius Caesar

Patrick
    $400 17
chess (or chess pieces)

Neal
    $400 16
etching

Neal
    $400 10
hog

Patrick
    $800 5
Show Boat

Patrick
    $800 27
wheels

Cathryn
    $800 23
(John) Ford

Patrick
    $800 18
palaces

Patrick
    $2,800 15
billboards (highway signs accepted)

Patrick
    $800 9
leech or sponge

Cathryn
    $1200 4
Henrik Ibsen

Patrick
    $1200 28
Herschel Walker

Triple Stumper
    $1,200 6
the Enola Gay

Patrick
    $1200 19
things that sting

Cathryn
    $1200 13
Hieronymus Bosch

Neal
    $1200 8
ram

Neal
    $1600 1
Eugene O'Neill

Patrick
    $1600 29
Running on Empty

Patrick
    $1600 24
General Sherman

Triple Stumper
    $1600 20
U.S. Presidents' homes

Cathryn
    $1600 12
Edouard Manet

Triple Stumper
    $1600 7
fox or outfox

Triple Stumper
    $2000 2
Bertolt Brecht

Neal
    $2000 30
hurdles

Cathryn
    $2000 25
Francis Gary Powers

Patrick
    $2000 21
things that are drawn

Neal
    $2000 14
Fauvism

Patrick
    $2000 11
drone

Patrick

Scores at the end of the Double Jeopardy! Round:

Patrick Neal Cathryn
$21,600 $11,200 $12,000

[wagering suggestions for these scores]

Final Jeopardy! Round responses

THE PLANETS
NealWhat is Neptune?
$8,001
CathrynWhat is Pluto?
$2,000
PatrickWhat is Pluto?
$2,401
Pluto

Final scores:

Patrick Neal Cathryn
$24,001 $3,199 $14,000
3-day champion: $56,200 3rd place: $1,000 2nd place: $2,000

Game dynamics:

Coryat scores:

Patrick Neal Cathryn
$19,600 $11,200 $11,200
27 R
(including 2 DDs),
5 W
13 R,
1 W
12 R
(including 1 DD),
1 W

Combined Coryat: $42,000

[game clues] [game scores] [suggest correction]

Game tape date: 2003-09-04
The J! Archive is created by fans, for fans. Scraping, republication, monetization, and malicious use prohibited; this site may use cookies and collect identifying information. See terms. The Jeopardy! game show and all elements thereof, including but not limited to copyright and trademark thereto, are the property of Jeopardy Productions, Inc. and are protected under law. This website is not affiliated with, sponsored by, or operated by Jeopardy Productions, Inc. Join the discussion at JBoard.tv.